00549nam a2200205 a 4500001001300000003000900013005001700022008004100039020000800080082001300088100002700101245006300128260003500191300000900226500003500235505001000270650002300280650001300303700002700316nice12345678IN_TiNIC20260116011455.0050524s1933 newa grp 000 0 eng  ac000a809bSHA aShah Sirdar, Ikbal Ali aOriental Caravanb Revelation of the Soul and Mind of Asia aNew YorkbClaude Kendallc1933 a331p aincludes index and biblioraphy2 aindex aEnglish-Literature aReligion1 aShah Sirdar, Ikbal Ali